| 000 | 00597nam a2200217 a 4500 | ||
|---|---|---|---|
| 001 | BRCA_4242 | ||
| 005 | 20190320204611.0 | ||
| 008 | 140610s1921----gw-a######---#000-0#ger-# | ||
| 041 | _ager | ||
| 044 | _agw | ||
| 050 | 4 |
_aDC146 _b.S35 1921 |
|
| 100 | 1 |
_aSchirokauer, Alfred _910932 |
|
| 245 | 1 | 0 |
_aMirabeau _cRoman von Alfred Schirokauer. |
| 260 |
_aBerlín, Alemania _bVerlag von Rich _c1921 |
||
| 300 |
_a324 p. _bil. _c21 cm. |
||
| 440 | 0 |
_aRomane berühmter manner und Frauen _910933 |
|
| 500 | _aAM54 | ||
| 600 | 1 | 4 |
_aMirabeau _cConde de _d1794-1791 _910934 |
| 902 | _aGFM | ||
| 942 |
_2lcc _cB |
||
| 999 |
_c3953 _d3953 |
||